Normal view
MARC view
- الشعر الهندي - المسرحيات الهندية
Entry Topical Term
001 - CONTROL NUMBER
- control field: 48781
003 - CONTROL NUMBER IDENTIFIER
- control field: JO-AjAnu
005 - DATE AND TIME OF LATEST TRANSACTION
- control field: 20230606082037.0
008 - FIXED-LENGTH DATA ELEMENTS
- fixed length control field: 230606|| aca||aabn | a|a d
040 ## - CATALOGING SOURCE
- Original cataloging agency: JO-AjAnu
- Transcribing agency: JO-AjAnu
150 ## - HEADING--TOPICAL TERM
- Topical term or geographic name entry element: الشعر الهندي - المسرحيات الهندية
670 ## - SOURCE DATA FOUND
- Source citation: Work cat.: (JO-AjAnu)24953: تأليف طاغور, author 48780, روائع طاغور في الشعر: جيتناني - جني الثمار - البستاني - الهلال